000
003270000a22001570004500
003
MACL
040
_a
MACL
090
_c
7190
_d
7189
100
_a
Athavale, V.R.
245
_a
Pandit Vishnu Digambar
260
_b
Natioal Book Trust
_c
1967
350
_a
1.25
650
_a
Biography
942
_c
BOOK
_k
920
951
_o
920 BOOK
999
_c
7143
_d
7143